[Event "Challenge"]
[Site "http://www.queenalice.com/game.php?id=348275"]
[Date "2008.2.4"]
[Round "-"]
[White "Ccello93"]
[Black "julianofaria"]
[Result "1-0"]
[WhiteElo "2009"]
[BlackElo "1867"]

1. e4 Nf6 2. e5 Nd5 3. d4 d6 4. Nf3 Bg4 5. Be2 g6 6. O-O Bg7 7. c4 Nb6 8. Ng5
Bxe2 9. Qxe2 h6 10. Nf3 Qd7 11. a4 a5 12. exd6 cxd6 13. Nc3 O-O 14. Re1 Nc6 15.
d5 Ne5 16. Nxe5 dxe5 17. Be3 Nc8 18. c5 f5 19. Qb5 Qc7 20. Rad1 Rd8 21. Qb3 Kh7
22. Nb5 Qb8 23. f4 e4 24. Bd4 1-0

[Event "Challenge"]
[Site "http://www.queenalice.com/game.php?id=360302"]
[Date "2008.2.24"]
[Round "-"]
[White "toldowisk"]
[Black "julianofaria"]
[Result "1-0"]
[WhiteElo "2074"]
[BlackElo "1956"]

1. e4 Nf6 2. e5 Nd5 3. c4 Nb6 4. d4 d6 5. f4 dxe5 6. fxe5 Bf5 7. Nf3 e6 8. Bd3
Bxd3 9. Qxd3 c5 10. O-O Be7 11. b3 Nc6 12. Bb2 O-O 13. Qe4 cxd4 14. Nxd4 Bc5 15.
Rd1 Qc7 16. Kh1 Nxd4 17. Bxd4 Bxd4 18. Rxd4 Rfd8 19. Rxd8+ Rxd8 20. Nc3 a6 21.
h3 Nc8 22. Qf4 Ne7 23. Re1 Ng6 24. Qe3 Qc6 25. Qe4 Qxe4 26. Rxe4 Rd3 27. Na4 Rd2
28. Nc5 b6 29. Nxa6 Rxa2 30. Nb4 Rb2 31. Re3 Kf8 32. g3 Ke8 33. Kg1 Nf8 34. Nc6
Kd7 35. Nd4 Kc7 36. Rf3 1-0

[Event "juliano/tech 1"]
[Site "http://www.queenalice.com/game.php?id=362492"]
[Date "2008.2.28"]
[Round "-"]
[White "technicaldraw"]
[Black "julianofaria"]
[Result "1-0"]
[WhiteElo "1986"]
[BlackElo "1947"]

1. e4 Nf6 2. Nc3 d5 3. e5 Ne4 4. Nce2 Nc5 5. d4 Ne6 6. f4 g6 7. Nf3 c5 8. dxc5
Nc6 9. Be3 Qa5+ 10. c3 Nxc5 11. b4 Nxb4 12. Bxc5 Qxc5 13. cxb4 Qxb4+ 14. Nd2 Bf5
15. Ng3 Qxf4 16. Nxf5 Qxe5+ 17. Be2 Qxf5 18. Qa4+ Qd7 19. Bb5 1-0

[Event "AUTO-OPEN-972"]
[Site "http://www.queenalice.com/game.php?id=382435"]
[Date "2008.4.5"]
[Round "2"]
[White "TheWatcher"]
[Black "julianofaria"]
[Result "1-0"]
[WhiteElo "2058"]
[BlackElo "2031"]

1. d4 Nf6 2. c4 e5 3. dxe5 Ng4 4. e4 Nxe5 5. f4 Nec6 6. Be3 Bb4+ 7. Nc3 Qe7 8.
Qc2 O-O 9. Nf3 Re8 10. Bd3 d6 11. O-O f5 12. Nd5 Qd8 13. exf5 Na6 14. Rad1 Bc5
15. Rfe1 Nab4 16. Qf2 Nxd3 17. Rxd3 Bxf5 18. Rdd1 Bxe3 19. Rxe3 Qd7 20. Qg3 Kh8
21. Rde1 Rxe3 22. Rxe3 Bg6 23. Nh4 Bf7 24. f5 Bxd5 25. cxd5 Nd4 26. Ng6+ Kg8 27.
Ne7+ Kh8 28. f6 g6 29. Nxg6+ hxg6 30. Qxg6 1-0

[Event "AUTO-OPEN-972"]
[Site "http://www.queenalice.com/game.php?id=382436"]
[Date "2008.4.5"]
[Round "2"]
[White "julianofaria"]
[Black "TheWatcher"]
[Result "1-0"]
[WhiteElo "1980"]
[BlackElo "2076"]

1. d4 Nf6 2. Bf4 d5 3. Nf3 e6 4. e3 c5 5. c3 Nc6 6. Nbd2 Bd6 7. Bg5 Qb6 8. Qc2
e5 9. dxe5 Nxe5 10. Nxe5 Bxe5 11. e4 dxe4 12. Nxe4 Nd5 13. O-O-O Qc6 14. Rxd5
Qxd5 15. Bb5+ Kf8 16. Rd1 Bd4 17. cxd4 b6 18. dxc5 Qxd1+ 19. Qxd1 Be6 20. Qd6+
1-0

[Event "Challenge"]
[Site "http://www.queenalice.com/game.php?id=391058"]
[Date "2008.4.21"]
[Round "-"]
[White "julianofaria"]
[Black "Catao"]
[Result "1/2-1/2"]
[WhiteElo "2032"]
[BlackElo "2094"]

1. d4 Nf6 2. Bf4 d5 3. Nf3 e6 4. e3 c5 5. c3 Nc6 6. Nbd2 Bd6 7. Bg5 O-O 8. Bd3
cxd4 9. exd4 Re8 10. O-O a6 11. a4 e5 12. dxe5 Nxe5 13. Nxe5 Bxe5 14. Qc2 h6 15.
Bh4 Qc7 16. Nf3 Nd7 17. Nxe5 Nxe5 18. Bg3 Bd7 19. Rfe1 f6 20. Qb3 Qc6 21. Bxe5
Rxe5 22. Bg6 Be6 23. Qc2 Rc8 24. Rxe5 fxe5 25. Qe2 e4 26. Bh5 Rf8 27. f3 Bf5 28.
fxe4 Bxe4 29. Bf3 Bxf3 30. gxf3 d4 31. cxd4 Qxf3 32. Qxf3 Rxf3 33. Rd1 Kf7 34.
Kg2 Rf6 35. Rd3 Rd6 36. Kf3 Rf6+ 37. Ke3 Re6+ 38. Kf3 Rf6+ 39. Ke3 1/2-1/2

[Event "Challenge"]
[Site "http://www.queenalice.com/game.php?id=400257"]
[Date "2008.5.9"]
[Round "-"]
[White "DenisDiaz"]
[Black "julianofaria"]
[Result "0-1"]
[WhiteElo "2015"]
[BlackElo "2013"]

1. d4 Nf6 2. c4 c5 3. d5 d6 4. Nc3 g6 5. e4 Bg7 6. Bd3 O-O 7. f4 Na6 8. a3 Nc7
9. h3 Bd7 10. Nf3 a6 11. Bd2 b5 12. cxb5 axb5 13. O-O c4 14. Bc2 Na6 15. Be3 Qc7
16. Nd4 Rfb8 17. Qd2 b4 18. axb4 Nxb4 19. Rfb1 Be8 20. b3 Rxa1 21. Rxa1 Nxc2 22.
Qxc2 cxb3 23. Nxb3 Nxe4 24. Qxe4 Rxb3 0-1

[Event "AUTO-MASTER-528"]
[Site "http://www.queenalice.com/game.php?id=406228"]
[Date "2008.5.21"]
[Round "1"]
[White "bacana"]
[Black "julianofaria"]
[Result "1/2-1/2"]
[WhiteElo "2121"]
[BlackElo "2038"]

1. d4 Nf6 2. c4 c5 3. d5 d6 4. Nc3 g6 5. e4 Bg7 6. Nf3 O-O 7. Be2 Na6 8. O-O Nc7
9. Nd2 Bd7 10. a4 Rb8 11. f4 a6 12. e5 Nfe8 13. Nf3 b5 14. axb5 axb5 15. cxb5
Nxb5 16. Nxb5 Bxb5 17. Bxb5 Rxb5 18. e6 fxe6 19. dxe6 Qb6 20. Kh1 Bxb2 21. Bxb2
Rxb2 22. Ra8 Nc7 23. Rxf8+ Kxf8 24. Ng5 Kg8 25. Qd3 Rb3 26. Qe4 Qb7 27. Qa4 Qb5
28. Qa1 Ne8 29. Nf7 Nf6 30. h3 c4 31. f5 Qd5 32. Qa7 Qb7 33. Qf2 Ne4 34. Qd4
Ng3+ 35. Kh2 Nxf1+ 36. Kh1 Ng3+ 1/2-1/2

[Event "AUTO-MASTER-528"]
[Site "http://www.queenalice.com/game.php?id=406229"]
[Date "2008.5.21"]
[Round "1"]
[White "julianofaria"]
[Black "bacana"]
[Result "0-1"]
[WhiteElo "2053"]
[BlackElo "2111"]

1. d4 Nf6 2. Bf4 d5 3. Nf3 e6 4. e3 c5 5. c3 Nc6 6. Bd3 Bd6 7. Bg5 cxd4 8. exd4
O-O 9. O-O Be7 10. Nbd2 a6 11. a4 Re8 12. Re1 Qc7 13. Rc1 Qb6 14. Qc2 h6 15. Bh4
a5 16. Ne5 Nd7 17. Bg3 Ndxe5 18. dxe5 Bd7 19. Kh1 Rac8 20. Bh7+ Kh8 21. f4 Nb4
22. Qb1 Na6 23. f5 exf5 24. Bxf5 Bxf5 25. Qxf5 Qxb2 26. Nf3 Kg8 27. e6 fxe6 28.
Qxe6+ Kh8 29. Rb1 Qxc3 30. Rxb7 Nc5 31. Be5 Qxe1+ 0-1

[Event "AUTO-MASTER-528"]
[Site "http://www.queenalice.com/game.php?id=406234"]
[Date "2008.5.21"]
[Round "1"]
[White "Rutty"]
[Black "julianofaria"]
[Result "0-1"]
[WhiteElo "1908"]
[BlackElo "2028"]

1. e4 Nf6 2. e5 Nd5 3. d4 d6 4. c4 Nb6 5. Nf3 Bg4 6. Be2 Nc6 7. exd6 cxd6 8. b3
g6 9. h3 Bxf3 10. Bxf3 Bg7 11. Bb2 O-O 12. O-O Rc8 13. a3 Qc7 14. Bxc6 Qxc6 15.
Nc3 d5 16. c5 Nd7 17. b4 b6 18. b5 Qc7 19. Nxd5 Qd8 20. c6 Nf6 21. Nxf6+ Bxf6
22. Re1 Qd5 23. a4 Rfd8 24. Qe2 Rc7 25. Rad1 Qb3 26. a5 bxa5 27. Rb1 a4 28. Ba1
Qd5 29. Rb4 a3 30. Qe3 a2 31. Ra4 Qxb5 32. Rxa2 Qxc6 33. d5 Qxd5 34. Bxf6 Qxa2
35. Bd4 Rdc8 36. Qh6 f6 37. Kh2 e5 38. Be3 a5 39. h4 a4 40. h5 Qf7 41. hxg6 hxg6
42. Bb6 Qh7 43. Qxh7+ Rxh7+ 44. Kg3 Rb7 0-1

[Event "AUTO-MASTER-528"]
[Site "http://www.queenalice.com/game.php?id=406235"]
[Date "2008.5.21"]
[Round "1"]
[White "julianofaria"]
[Black "Rutty"]
[Result "1-0"]
[WhiteElo "2039"]
[BlackElo "1946"]

1. d4 d5 2. Bf4 Nc6 3. Nf3 Bf5 4. c3 Nf6 5. e3 e6 6. Bb5 a6 7. Bxc6+ bxc6 8. Qa4
Bd6 9. Qxc6+ Ke7 10. Bg5 h6 11. Bh4 g5 12. Bg3 Ne4 13. Nbd2 Nxd2 14. Nxd2 Rb8
15. b3 Rb6 16. Qa4 Bd3 17. b4 f5 18. Nf3 Bb5 19. Qc2 g4 20. Bh4+ 1-0

[Event "AUTO-OPEN-972"]
[Site "http://www.queenalice.com/game.php?id=408922"]
[Date "2008.5.27"]
[Round "3"]
[White "TheWatcher"]
[Black "julianofaria"]
[Result "1-0"]
[WhiteElo "2114"]
[BlackElo "2051"]

1. d4 Nf6 2. c4 c5 3. e3 cxd4 4. exd4 d5 5. Nc3 Nc6 6. Nf3 e6 7. a3 Be7 8. c5
O-O 9. Bd3 Qc7 10. Nb5 Qb8 11. g3 b6 12. Bf4 e5 13. Nxe5 1-0

[Event "AUTO-OPEN-972"]
[Site "http://www.queenalice.com/game.php?id=408923"]
[Date "2008.5.27"]
[Round "3"]
[White "julianofaria"]
[Black "TheWatcher"]
[Result "0-1"]
[WhiteElo "2041"]
[BlackElo "2124"]

1. d4 Nf6 2. Nf3 d5 3. Bf4 c5 4. c3 cxd4 5. cxd4 e6 6. Nc3 Nc6 7. e3 Bb4 8. Bd3
h6 9. O-O O-O 10. Rc1 a6 11. Bb1 Nh5 12. Qd3 f5 13. Be5 Bd6 14. g4 Nb4 15. Qe2
fxg4 16. Nd2 Bxe5 17. Qxg4 Nf6 18. Qg6 Bb8 19. Kh1 Qe8 20. Qg2 Qh5 21. Rg1 Ng4
0-1

[Event "AUTO-OPEN-972"]
[Site "http://www.queenalice.com/game.php?id=408926"]
[Date "2008.5.27"]
[Round "3"]
[White "julianofaria"]
[Black "PedroNRF"]
[Result "1-0"]
[WhiteElo "2042"]
[BlackElo "1980"]

1. d4 d5 2. Bf4 Nf6 3. Nf3 Bf5 4. e3 e6 5. c3 Nbd7 6. Be2 Be7 7. O-O O-O 8. Re1
c5 9. Nbd2 Qb6 10. Qb3 c4 11. Qxb6 axb6 12. Nh4 Bd3 13. Bxd3 cxd3 14. Nhf3 Ne4
15. Nf1 g5 16. Bg3 h5 17. h3 g4 18. Ne5 Nxe5 19. Bxe5 gxh3 20. gxh3 f6 21. Bf4
Kf7 22. Ng3 1-0

[Event "AUTO-OPEN-972"]
[Site "http://www.queenalice.com/game.php?id=408927"]
[Date "2008.5.27"]
[Round "3"]
[White "PedroNRF"]
[Black "julianofaria"]
[Result "1-0"]
[WhiteElo "2030"]
[BlackElo "2059"]

1. d4 Nf6 2. Nc3 d5 3. Nf3 Bf5 4. e3 e6 5. Bd3 Bg4 6. O-O c5 7. h3 Bh5 8. dxc5
Bxc5 9. e4 O-O 10. exd5 Nxd5 11. Nxd5 Qxd5 12. Be3 Bxe3 13. fxe3 Nc6 14. g4 Bg6
15. Bxg6 hxg6 16. Qxd5 exd5 17. Rad1 Rad8 18. Rd2 Rd7 19. c4 Rfd8 20. Rfd1 Ne7
21. e4 1-0